000 00803nam a22002417a 4500
003 UA-OsUOA
001 135974
007 ta
008 20190225b un ||||| |||| 00| 0 ukr d
100 _aБалух В. О.
090 _a282(477):929(038)
_bБ20
942 _cBK
040 _aUA-OsUOA
_bukr
_cUA-OsUOA
_dUA-OsUOA
245 _aРуська Унійна (Греко-Католицька) церква кінця XVI - початку ХІХ ст. у постатях
_bсловник
_cВ. П. Коцур
300 _a280 с.
955 _a2
041 _aukr
080 _a282(477):929(038)
020 _a978-966-423-448-8
260 _aЧернівці
_bЧНУ
_c2018
650 7 _a282 Римсько-католицька церква (Західна церква)
_2UDC
999 _c409172
_d409172